| 000 | 00600nam a22002057a 4500 | ||
|---|---|---|---|
| 005 | 20250428073944.0 | ||
| 008 | 250428b |||||||| |||| 00| 0 eng d | ||
| 020 | _a978-0-451-47520-6 | ||
| 082 | _aFic. W259 2017 | ||
| 100 | _aWard, J. R. | ||
| 245 |
_aThe chosen: _ba novel of the black dagger brotherhood / _cJ.R. Ward |
||
| 260 |
_aNew York: _bBallantine Books, _cc2017 |
||
| 300 | _axiv, 556p. | ||
| 490 | _aThe Black dagger brotherhood series; 15 | ||
| 541 | _e7821 | ||
| 650 | _aParanormal fiction | ||
| 650 | _aRomance fiction | ||
| 650 | _aFantasy fiction | ||
| 650 | _aVampires - Fiction | ||
| 999 |
_c2435 _d2435 |
||